000 00633nam a22001937a 4500
005 20251108175104.0
008 250721s2011 xx 000 0 ara d
082 1 4 _a746.5/مور
100 1 _aمورجان، آنا
245 1 0 _aالتطريز بالخرز : 15 تصميما لأجمل مشغولات الخرز مشروحة خطوة بخطوة /
264 1 _aالقاهرة :
_bدار الفاروق،
_c2011.
300 _a94 ص.
650 1 7 _aالحرف اليدوية
650 1 7 _aأشغال الإبرة
650 1 7 _aالتطريز
653 _aالتطريز بالخرز
942 _2ddc
_cBK
999 _c125883
_d125883